000 00523nam a22001697a 4500
003 NUST
005 20240125104304.0
008 190621b ||||| |||| 00| 0 eng d
038 _aMr.Noman
082 _a620.1
100 _aAmmar Azam
_915265
245 _aDamage modeling of adhesively bonded composite joint under diffrent fiber orientations
_cAmmar Azam
300 _a89 p.
700 _aSupervisor : Dr Aamir Mubashar
_9119655
856 _uhttp://10.250.8.41:8080/xmlui/handle/123456789/12756
942 _2ddc
_cTHE
999 _c524446
_d524446